State Mottos - Statistics

General Stats
  • This quiz has been taken 19 times
  • The average score is 25 of 50
Answer Stats
Hint Answer % Correct
Eureka California
93%
Live Free or Die New Hampshire
93%
Ua mau ke ea o ka ʻāina i ka pono Hawaii
79%
The Crossroads of America Indiana
79%
Sic semper tyrannis Virginia
79%
North to the Future Alaska
71%
Equal Rights Wyoming
71%
Oro y plata Montana
64%
Excelsior New York
64%
Friendship Texas
64%
Nil sine numine Colorado
57%
In God We Trust Florida
57%
Our liberties we prize and our rights we will maintain Iowa
57%
Ad astra per aspera Kansas
57%
United we stand, divided we fall Kentucky
57%
L'étoile du Nord Minnesota
57%
Hope Rhode Island
57%
Industry Utah
57%
Forward Wisconsin
57%
Audemus jura nostra defendere Alabama
50%
Ditat Deus Arizona
50%
Dirigo Maine
50%
Fatti maschi, parole femine Maryland
50%
Si quaeris peninsulam amoenam circumspice Michigan
50%
Equality before the law Nebraska
50%
All For Our Country Nevada
50%
Union, justice, confidence Louisiana
43%
Ense petit placidam sub libertate quietem Massachusetts
43%
Virtute et armis Mississippi
43%
Esse quam videri North Carolina
43%
With God, all things are possible Ohio
43%
Under God the people rule South Dakota
43%
Agriculture and Commerce Tennessee
43%
Alki Washington
43%
Montani semper liberi West Virginia
43%
Regnat populus Arkansas
36%
Qui transtulit sustinet Connecticut
36%
Liberty and Independence Delaware
36%
Wisdom, Justice, Moderation Georgia
36%
Esto perpetua Idaho
36%
State sovereignty, national union Illinois
36%
Liberty and prosperity New Jersey
36%
Liberty and union, now and forever, one and inseparable North Dakota
36%
Labor omnia vincit Oklahoma
36%
Virtue, liberty, and independence Pennsylvania
36%
Dum spiro spero South Carolina
36%
Freedom and Unity Vermont
36%
Salus populi suprema lex esto Missouri
29%
Crescit eundo New Mexico
29%
Alis volat propriis Oregon
29%
No matching quizzes found
Score Distribution
Percent of People with Each Score
Percentile by Number Answered
Your Score History
You have not taken this quiz